Dialéctica negativa: la jerga de la autenticidad

Guardat en:
Dades bibliogràfiques
Autor principal: Adorno, Theodor Wiesengrund (Autor)
Format: Llibre
Idioma:espanyol
Publicat: Madrid Akal 2011
Col·lecció:Obra Completa, 6
Akal de Bolsillo, 66
Matèries:
Etiquetes: Afegir etiqueta
Sense etiquetes, Sigues el primer a etiquetar aquest registre!

MARC

LEADER 00000cam a2200000 a 4500
001 UCF4398
003 CL-VaPUC
008 121206e20110000SP |||||||||||||||||spa|d
020 |a 9788446016731 
082 0 4 |a 160  |b ADO  |2 21 
100 0 |a Adorno, Theodor Wiesengrund  |e author  |9 325578 
245 1 0 |a Dialéctica negativa: la jerga de la autenticidad 
300 |a 505 p 
942 |c BK 
945 |d 20121206 00:00:00  |a dcastane 
260 |a Madrid  |b Akal  |c 2011 
650 0 |a Lógica  |9 256849 
650 0 |a Teoría del conocimiento   |9 255038 
650 0 |a Epistemología   |9 264994 
650 0 |a Razón   |9 314475 
650 0 |a Cognición   |9 270347 
650 0 |a Existencialismo  |9 265698 
650 0 |a Ontología   |9 256850 
650 0 |a Filosofía del espíritu  |9 320175 
583 |a last modification  |c 20190624 10:24:37  |k Rodrigo Vera 
490 0 |a Obra Completa, 6 
490 0 |a Akal de Bolsillo, 66 
999 |c 350205  |d 350203 
952 |0 0  |1 0  |4 0  |6 160_000000000000000_ADO_2011  |7 0  |8 A  |9 453425  |a BIBEDU  |b BIBEDU  |d 2019-11-22  |i 4931475  |o 160 ADO 2011  |p 4931475  |r 2019-11-22  |w 2019-11-22  |y BK  |k FIL